Applied spatial data analysis with R (Record no. 6201)
[ view plain ]
| 000 -LEADER | |
|---|---|
| fixed length control field | 00789nam a22002777a 4500 |
| 003 - CONTROL NUMBER IDENTIFIER | |
| control field | OSt |
| 005 - DATE AND TIME OF LATEST TRANSACTION | |
| control field | 20220107122844.0 |
| 008 - FIXED-LENGTH DATA ELEMENTS--GENERAL INFORMATION | |
| fixed length control field | 180904b xxu||||| |||| 00| 0 eng d |
| 020 ## - INTERNATIONAL STANDARD BOOK NUMBER | |
| International Standard Book Number | 9781461476177 |
| 040 ## - CATALOGING SOURCE | |
| Transcribing agency | IIITMK |
| 082 ## - DEWEY DECIMAL CLASSIFICATION NUMBER | |
| Classification number | 910.285R BIV/A |
| 100 ## - MAIN ENTRY--PERSONAL NAME | |
| Personal name | Bivand, Roger S |
| 9 (RLIN) | 14715 |
| 245 ## - TITLE STATEMENT | |
| Title | Applied spatial data analysis with R |
| Statement of responsibility, etc. | Roger S Bivand |
| 250 ## - EDITION STATEMENT | |
| Edition statement | 2 |
| 260 ## - PUBLICATION, DISTRIBUTION, ETC. | |
| Place of publication, distribution, etc. | New York, |
| Name of publisher, distributor, etc. | Springer, |
| Date of publication, distribution, etc. | 2013. |
| 300 ## - PHYSICAL DESCRIPTION | |
| Extent | xviii, 405p. |
| 650 ## - SUBJECT ADDED ENTRY--TOPICAL TERM | |
| Topical term or geographic name entry element | GIS |
| 9 (RLIN) | 14813 |
| 650 ## - SUBJECT ADDED ENTRY--TOPICAL TERM | |
| Topical term or geographic name entry element | GEOGRAPHICAL INFORMATION SYSTEMS |
| 9 (RLIN) | 14814 |
| 650 ## - SUBJECT ADDED ENTRY--TOPICAL TERM | |
| Topical term or geographic name entry element | DATA ANALYSIS |
| 9 (RLIN) | 14815 |
| 650 ## - SUBJECT ADDED ENTRY--TOPICAL TERM | |
| Topical term or geographic name entry element | SPATIAL DATA ANALYSIS |
| 9 (RLIN) | 14816 |
| 650 ## - SUBJECT ADDED ENTRY--TOPICAL TERM | |
| Topical term or geographic name entry element | PROGRAMMING LANGUAGE |
| 9 (RLIN) | 14817 |
| 650 ## - SUBJECT ADDED ENTRY--TOPICAL TERM | |
| Topical term or geographic name entry element | R PROGRAMMING |
| 9 (RLIN) | 14818 |
| 700 ## - ADDED ENTRY--PERSONAL NAME | |
| Personal name | Pebesma, Edzer |
| 9 (RLIN) | 14716 |
| 700 ## - ADDED ENTRY--PERSONAL NAME | |
| Personal name | Gomez-Rubio, Virgilio |
| 9 (RLIN) | 14717 |
| 942 ## - ADDED ENTRY ELEMENTS (KOHA) | |
| Source of classification or shelving scheme | Dewey Decimal Classification |
| Koha item type | Books |
| Withdrawn status | Lost status | Source of classification or shelving scheme | Damaged status | Not for loan | Collection code | Home library | Current library | Shelving location | Date acquired | Cost, normal purchase price | Total Checkouts | Total Renewals | Full call number | Barcode | Date last seen | Date last checked out | Price effective from | Koha item type |
|---|---|---|---|---|---|---|---|---|---|---|---|---|---|---|---|---|---|---|
| Dewey Decimal Classification | Geographical Information Systems/ Spatial Data Analysis | Kerala University of Digital Sciences, Innovation and Technology Knowledge Centre | Kerala University of Digital Sciences, Innovation and Technology Knowledge Centre | GIS(Geographical Information System) | 04/09/2018 | 3872.00 | 11 | 910.285R BIV/A | 5250 | 03/05/2024 | 03/05/2024 | 04/09/2018 | Books |